Statistiken für Hessen - KFZ Kennzeichen

Klicken Sie hier um das Quiz zu spielen!

Allgemein

  • Dieses Quiz wurde 350 mal gespielt
    (230 seit der letzten Aktualisierung)
  • Das Durchschnittsergebnis liegt bei 22 aus 40

Antwortstatistiken

CodeCity% Korrekt
FFrankfurt
98%
DADarmstadt
96%
OFOffenbach
93%
GIGießen
92%
WIWiesbaden
89%
KSKassel
88%
GGGroß-Gerau
84%
FDFulda
79%
LMLimburg
78%
RÜDRüdesheim
72%
ALSAlsfeld
70%
HUHanau
70%
FBFriedberg
68%
WZWetzlar
67%
DILDillenburg
66%
HPHeppenheim
65%
DIDieburg
63%
BÜDBüdingen
62%
ESWEschwege
61%
USIUsingen
58%
ERBErbach
57%
KBKorbach
51%
HGBad Homburg
50%
HEFHersfeld
49%
HÜNHünfeld
49%
SLÜSchlüchtern
46%
GNGelnhausen
45%
FKBFrankenberg
40%
FZFritzlar
40%
HRHomberg
40%
WIZWitzenhausen
39%
BIDBiedenkopf
31%
WELWeilburg
29%
HOGHofgeismar
25%
ROFRotenburg an der Fulda
25%
SWABad Schwalbach
24%
ZIGZiegenhain
22%
WOHWolfhagen
21%
MEGMelsungen
19%
LATLauterbach
16%

Verteilung der Resultate

Perzentil nach korrekt beantworteten Fragen

Anzahl Personen mit jedem Resultat

Ihre Resultats-Entwicklung

Sie haben dieses Quiz seit der letzten Aktualisierung nicht gespielt